| 000 | 00771nam a22002297a 4500 | ||
|---|---|---|---|
| 999 |
_c13212 _d13212 |
||
| 003 | AR-CdUCM | ||
| 008 | 190411b ||||| |||| 00| 0 spa d | ||
| 040 |
_aMUNICIPALIDAD PROVINCIAL DEL CUSCO _cBIBLIOTECA MUNICIPAL DEL CUSCO |
||
| 082 |
_a158 / _bR81 /1952 |
||
| 100 |
_aRomero, Francisco _910711 |
||
| 245 | _aTeoría del hombre / | ||
| 260 |
_aBuenos Aires : _bLosada, _c1952. |
||
| 300 |
_a362 páginas ; _c20 cm. |
||
| 440 |
_aBiblioteca Filosófica. _915046 |
||
| 505 | _aContenido: Primera parte, La intencionalidad -- Segunda parte, El espíritu -- Tercera parte, El hombre. | ||
| 650 |
_aInteligencia _91764 |
||
| 650 |
_aLa cultura _931481 |
||
| 650 |
_aEl espíritu _931482 |
||
| 650 |
_aHombre _9838 |
||
| 942 |
_2ddc _cLIBROS |
||
| 945 |
_aachl _d2019-04-11 |
||